Statistiques concernant Les Catherine célèbres

Cliquez ici pour prendre le quiz!

Statistiques générales

  • Ce quiz a été pris 197 fois
  • Le résultat moyen est 6 sur 16

Statistiques - réponses

IndiceRéponse% Correct
Epouse italienne d'Henri IICatherine de Médicis
85%
Belle de jourCatherine Deneuve
84%
Chanteuse au violonCatherine Lara
56%
Grande impératrice d'un très grand paysCatherine de Russie
54%
Fille de Simone SignoretCatherine Allégret
51%
Future souveraine d'Angleterre ?Kate Middleton
48%
Actrice française (Un air de famille, Marguerite...)Catherine Frot
40%
Actrice américaine, quatre fois oscarisée (dernier oscar : "la Maison du lac")Katharine Hepburn
40%
Chanteur à succès passablement déjantéPhilippe Katerine
36%
Actrice américaine qui a eu la chance de faire naufrageKate Winslet
32%
Babooshka américaineKate Bush
29%
Speakerine à l'ORTFCatherine Langeais
28%
Ancienne maire de StrasbourgCatherine Trautmann
23%
Actrice française (La vie est un long fleuve tranquille, Tatie Danielle...)Catherine Jacob
21%
Chanteuse militante, cofondatrice du groupe AlpesCatherine Ribeiro
4%
Pêcheuse en Alaska et auteure à succèsCatherine Poulain
1%

Distribution des résultats

Percentile par nombre de réponses

% des personnes avec chaque résultat

Votre développement - résultats

Vous n’avez pas pris ce quiz